000
00280nam a22001097a 4500
008
170124b xxu||||| |||| 00| 0 eng d
020
_a
2900323007497`
041
_a
eng
080
_2
5TH
_a
618.2
245
_a
COMMUNITY & PUBLIC HEALTH NURSING
_c
STANHOPE & LANCASTER
942
_2
udc
_c
BK
999
_c
3424
_d
3424